|
|
|
|
| LEADER |
00000cam a2200000 c 4500 |
| 001 |
1621454495 |
| 003 |
DE-627 |
| 005 |
20251225202251.0 |
| 007 |
tu |
| 008 |
051209s2005 xx ||||| 00| ||eng c |
| 010 |
|
|
|a 2005281551
|
| 020 |
|
|
|a 0786016752
|c (pbk.)
|9 0-7860-1675-2
|
| 035 |
|
|
|a (DE-627)1621454495
|
| 035 |
|
|
|a (DE-576)121894975
|
| 035 |
|
|
|a (DE-599)BSZ121894975
|
| 035 |
|
|
|a (OCoLC)58050336
|
| 040 |
|
|
|a DE-627
|b ger
|c DE-627
|e rakwb
|
| 041 |
|
|
|a eng
|
| 050 |
|
0 |
|a HV6534.A8M37 2005
|
| 082 |
0 |
|
|a 364.152/3/0976431
|
| 082 |
0 |
|
|a 364.15230976431
|
| 100 |
1 |
|
|a Mitchell, Corey
|4 aut
|
| 245 |
1 |
0 |
|a Murdered innocents
|c Corey Mitchell
|
| 264 |
|
1 |
|a New York, NY
|b Pinnacle Books
|c c2005
|
| 300 |
|
|
|a 429 S., [16] p. of plates
|b Ill.
|c 18 cm
|
| 336 |
|
|
|a Text
|b txt
|2 rdacontent
|
| 337 |
|
|
|a ohne Hilfsmittel zu benutzen
|b n
|2 rdamedia
|
| 338 |
|
|
|a Band
|b nc
|2 rdacarrier
|
| 500 |
|
|
|a "Pinnacle true crime"--Spine
|
| 583 |
1 |
|
|a Archivierung prüfen
|c 20200919
|f DE-640
|z 1
|2 pdager
|
| 600 |
1 |
0 |
|a Thomas, Eliza
|
| 600 |
1 |
0 |
|a Harbison, Jennifer
|
| 600 |
1 |
0 |
|a Harbison, Sarah
|
| 600 |
1 |
0 |
|a Ayers, Amy
|
| 650 |
|
0 |
|a Mass Murder
|x Texas
|x Austin
|x Case studies
|
| 650 |
|
0 |
|a Teenage Girls
|x Violence against
|x Texas
|x Austin
|x Case studies
|
| 650 |
|
0 |
|a Mass murder investigation
|x Texas
|x Austin
|x Case studies
|
| 650 |
|
0 |
|a Trials Murder
|x Texas
|x Austin
|x Case studies
|
| 951 |
|
|
|a BO
|
| ELC |
|
|
|b 1
|
| LOK |
|
|
|0 000 xxxxxcx a22 zn 4500
|
| LOK |
|
|
|0 001 3240407205
|
| LOK |
|
|
|0 003 DE-627
|
| LOK |
|
|
|0 004 1621454495
|
| LOK |
|
|
|0 005 20060104091044
|
| LOK |
|
|
|0 008 051209||||||||||||||||ger|||||||
|
| LOK |
|
|
|0 040
|a DE-21
|c DE-627
|d DE-21
|
| LOK |
|
|
|0 852
|a DE-21
|
| LOK |
|
|
|0 852 1
|c KB 20 A 1740
|9 00
|
| LOK |
|
|
|0 935
|a krim
|
| LOK |
|
|
|0 936ln
|a k10.8
|
| LOK |
|
|
|0 938
|l 04/01/06
|8 6
|
| LOK |
|
|
|0 939
|a 09-12-05
|b l01
|
| ORI |
|
|
|a SA-MARC-krimdoka001.raw
|
| SIG |
|
|
|a UB: KB 20 A 1740
|